000 00431nam a22001457a 4500
082 _aBESE-1 RAS
100 _aIQRA RASTEE
_993182
245 _aFILM KIT-VIDEO EFFECTS
260 _aISLAMABAD
_bNUST-SEECS
_c2014
300 _a83p.
_eCD INCLUDES
500 _aADVISORS: MUHAMMAD QAISAR CHOUDHARY, MELANIE MOLLER
700 _aTAYYABA NAZ
_993183
856 _uhttp://10.250.8.41:8080/xmlui/handle/123456789/6842
942 _cPR
_2ddc
999 _c490633
_d490633